[Event "DEM U18 2023"]
[Site "Willingen GER"]
[Date "2023.06.03"]
[Round "9"]
[White "Colbow, Collin"]
[Black "Weihrauch, Jakob"]
[Result "1/2-1/2"]
[Termination "normal"]
[Board "1"]
[WhiteTitle "FM"]
[WhiteElo "2408"]
[BlackElo "2291"]
[WhiteClock "00:09:40"]
[BlackClock "00:15:57"]
[PlyCount "57"]
[WhiteFideId "16201132"]
[BlackFideId "16210115"]
[EventCountry "GER"]
[EventRounds "9"]
[EventType "swiss"]
[EventDate "2023.05.27"]

1. e4 {[%clk 01:30:57]} {[%emt 00:00:03]} c5 {[%clk 01:30:54]} {[%emt
00:00:07]} 2. Nf3 {[%clk 01:31:07]} {[%emt 00:00:20]} d6 {[%clk 01:31:17]}
{[%emt 00:00:07]} 3. d4 {[%clk 01:31:32]} {[%emt 00:00:04]} cxd4 {[%clk
01:31:43]} {[%emt 00:00:04]} 4. Nxd4 {[%clk 01:31:57]} {[%emt 00:00:05]} Nf6
{[%clk 01:32:08]} {[%emt 00:00:06]} 5. Nc3 {[%clk 01:32:20]} {[%emt 00:00:06]}
a6 {[%clk 01:32:34]} {[%emt 00:00:05]} 6. g3 {[%clk 01:32:15]} {[%emt
00:00:35]} e5 {[%clk 01:32:50]} {[%emt 00:00:16]} 7. Nde2 {[%clk 01:32:37]}
{[%emt 00:00:06]} Be7 {[%clk 01:33:06]} {[%emt 00:00:15]} 8. Bg2 {[%clk
01:32:59]} {[%emt 00:00:07]} b5 {[%clk 01:33:08]} {[%emt 00:00:28]} 9. Nd5
{[%clk 01:32:32]} {[%emt 00:00:56]} Nbd7 {[%clk 01:33:14]} {[%emt 00:00:24]}
10. Nec3 {[%clk 01:32:18]} {[%emt 00:00:44]} Nxd5 {[%clk 01:33:17]} {[%emt
00:00:27]} 11. Nxd5 {[%clk 01:32:17]} {[%emt 00:00:30]} Nf6 {[%clk 01:32:27]}
{[%emt 00:01:19]} 12. Nxf6+ {[%clk 01:30:17]} {[%emt 00:02:31]} Bxf6 {[%clk
01:32:42]} {[%emt 00:00:15]} 13. a4 {[%clk 01:30:14]} {[%emt 00:00:34]} Bb7
{[%clk 01:28:10]} {[%emt 00:05:02]} 14. O-O {[%clk 01:26:32]} {[%emt 00:04:09]}
O-O {[%clk 01:26:34]} {[%emt 00:02:08]} 15. Qd3 {[%clk 01:08:06]} {[%emt
00:18:59]} b4 {[%clk 01:09:39]} {[%emt 00:17:22]} 16. a5 {[%clk 00:54:58]}
{[%emt 00:13:38]} Qc7 {[%clk 00:52:17]} {[%emt 00:17:52]} 17. Bd2 {[%clk
00:48:11]} {[%emt 00:07:17]} Rfc8 {[%clk 00:40:29]} {[%emt 00:12:18]} 18. Rfc1
{[%clk 00:43:43]} {[%emt 00:04:57]} d5 {[%clk 00:30:39]} {[%emt 00:10:20]} 19.
exd5 {[%clk 00:31:43]} {[%emt 00:12:31]} e4 {[%clk 00:29:24]} {[%emt 00:01:44]}
20. Qb3 {[%clk 00:31:12]} {[%emt 00:01:01]} Qe5 {[%clk 00:25:33]} {[%emt
00:04:21]} 21. Qxb4 {[%clk 00:25:55]} {[%emt 00:05:47]} Qxb2 {[%clk 00:20:41]}
{[%emt 00:05:22]} 22. Rab1 {[%clk 00:25:57]} {[%emt 00:00:28]} Qxb4 {[%clk
00:20:57]} {[%emt 00:00:14]} 23. Rxb4 {[%clk 00:26:11]} {[%emt 00:00:16]} Bxd5
{[%clk 00:21:01]} {[%emt 00:00:26]} 24. Bxe4 {[%clk 00:25:30]} {[%emt
00:01:11]} Bxe4 {[%clk 00:21:14]} {[%emt 00:00:17]} 25. Rxe4 {[%clk 00:25:56]}
{[%emt 00:00:04]} Bb2 {[%clk 00:21:17]} {[%emt 00:00:27]} 26. Rb1 {[%clk
00:19:22]} {[%emt 00:07:04]} Rxc2 {[%clk 00:21:10]} {[%emt 00:00:37]} 27. Rb4
{[%clk 00:13:15]} {[%emt 00:06:37]} Rxd2 {[%clk 00:15:41]} {[%emt 00:05:59]}
28. R4xb2 {[%clk 00:13:11]} {[%emt 00:00:34]} Rdd8 {[%clk 00:15:57]} {[%emt
00:00:14]} 29. Rb6 {[%clk 00:09:40]} {[%emt 00:04:01]} 1/2-1/2

[Event "DEM U18 2023"]
[Site "Willingen GER"]
[Date "2023.06.03"]
[Round "9"]
[White "Bilovil, Bogdan"]
[Black "Gallasch, Jonas"]
[Result "1-0"]
[Termination "normal"]
[Board "2"]
[WhiteTitle "FM"]
[BlackTitle "FM"]
[WhiteElo "2348"]
[BlackElo "2296"]
[WhiteClock "00:12:42"]
[BlackClock "00:00:37"]
[PlyCount "59"]
[WhiteFideId "14168766"]
[BlackFideId "16222474"]
[EventCountry "GER"]
[EventRounds "9"]
[EventType "swiss"]
[EventDate "2023.05.27"]

1. e4 {[%clk 01:30:56]} {[%emt 00:00:03]} g6 {[%clk 01:24:32]} {[%emt
00:06:29]} 2. d4 {[%clk 01:31:05]} {[%emt 00:00:20]} Bg7 {[%clk 01:24:57]}
{[%emt 00:00:05]} 3. Nc3 {[%clk 01:29:13]} {[%emt 00:02:22]} c6 {[%clk
01:23:20]} {[%emt 00:02:08]} 4. Nf3 {[%clk 01:28:55]} {[%emt 00:00:47]} d5
{[%clk 01:21:57]} {[%emt 00:01:53]} 5. h3 {[%clk 01:29:08]} {[%emt 00:00:17]}
dxe4 {[%clk 01:15:42]} {[%emt 00:06:45]} 6. Nxe4 {[%clk 01:29:14]} {[%emt
00:00:24]} Nd7 {[%clk 01:15:30]} {[%emt 00:00:42]} 7. Bd3 {[%clk 01:20:09]}
{[%emt 00:09:35]} Ngf6 {[%clk 01:14:52]} {[%emt 00:01:08]} 8. Nxf6+ {[%clk
01:18:28]} {[%emt 00:02:11]} Nxf6 {[%clk 01:14:57]} {[%emt 00:00:25]} 9. O-O
{[%clk 01:18:43]} {[%emt 00:00:15]} O-O {[%clk 01:12:11]} {[%emt 00:03:19]} 10.
Re1 {[%clk 01:16:03]} {[%emt 00:03:07]} Qc7 {[%clk 01:05:39]} {[%emt 00:07:02]}
11. Qe2 {[%clk 01:06:22]} {[%emt 00:10:12]} c5 {[%clk 00:56:10]} {[%emt
00:09:59]} 12. Qxe7 {[%clk 00:48:11]} {[%emt 00:18:40]} Qxe7 {[%clk 00:55:55]}
{[%emt 00:00:45]} 13. Rxe7 {[%clk 00:48:40]} {[%emt 00:00:02]} Nd5 {[%clk
00:56:08]} {[%emt 00:00:17]} 14. Re2 {[%clk 00:47:16]} {[%emt 00:01:52]} cxd4
{[%clk 00:53:25]} {[%emt 00:03:13]} 15. Bd2 {[%clk 00:47:23]} {[%emt 00:00:24]}
b6 {[%clk 00:43:23]} {[%emt 00:10:33]} 16. a3 {[%clk 00:41:15]} {[%emt
00:06:39]} Bb7 {[%clk 00:39:37]} {[%emt 00:04:16]} 17. Rd1 {[%clk 00:40:49]}
{[%emt 00:00:55]} Rfe8 {[%clk 00:27:54]} {[%emt 00:12:13]} 18. Rde1 {[%clk
00:25:06]} {[%emt 00:16:12]} Rxe2 {[%clk 00:25:04]} {[%emt 00:03:19]} 19. Rxe2
{[%clk 00:25:22]} {[%emt 00:00:15]} Rc8 {[%clk 00:23:37]} {[%emt 00:01:57]} 20.
Ng5 {[%clk 00:21:04]} {[%emt 00:04:48]} h6 {[%clk 00:21:29]} {[%emt 00:02:39]}
21. Ne4 {[%clk 00:21:18]} {[%emt 00:00:14]} Rd8 {[%clk 00:21:48]} {[%emt
00:00:12]} 22. h4 {[%clk 00:19:53]} {[%emt 00:01:56]} f5 {[%clk 00:17:25]}
{[%emt 00:04:52]} 23. Ng3 {[%clk 00:20:16]} {[%emt 00:00:07]} h5 {[%clk
00:17:45]} {[%emt 00:00:09]} 24. Bg5 {[%clk 00:18:44]} {[%emt 00:02:02]} Rc8
{[%clk 00:13:00]} {[%emt 00:05:16]} 25. Re1 {[%clk 00:18:12]} {[%emt 00:01:02]}
a6 {[%clk 00:06:38]} {[%emt 00:06:53]} 26. Re6 {[%clk 00:13:16]} {[%emt
00:05:26]} Kf7 {[%clk 00:05:20]} {[%emt 00:01:48]} 27. Rd6 {[%clk 00:13:39]}
{[%emt 00:00:07]} Ba8 {[%clk 00:00:36]} {[%emt 00:05:14]} 28. Nxf5 {[%clk
00:12:15]} {[%emt 00:01:55]} Be5 {[%clk 00:00:31]} {[%emt 00:00:34]} 29. Nh6+
{[%clk 00:12:18]} {[%emt 00:00:26]} Kg7 {[%clk 00:00:37]} {[%emt 00:00:24]} 30.
Rxg6+ {[%clk 00:12:42]} {[%emt 00:00:07]} 1-0

[Event "DEM U18 2023"]
[Site "Willingen GER"]
[Date "2023.06.03"]
[Round "9"]
[White "Farokhi, Keyvan"]
[Black "Chassard, Cedric"]
[Result "1/2-1/2"]
[Termination "normal"]
[Board "3"]
[WhiteTitle "FM"]
[WhiteElo "2266"]
[BlackElo "2041"]
[WhiteClock "00:03:15"]
[BlackClock "00:10:59"]
[PlyCount "98"]
[WhiteFideId "12998630"]
[BlackFideId "16243536"]
[EventCountry "GER"]
[EventRounds "9"]
[EventType "swiss"]
[EventDate "2023.05.27"]

1. d4 {[%clk 01:30:49]} {[%emt 00:00:10]} Nf6 {[%clk 01:30:54]} {[%emt
00:00:07]} 2. c4 {[%clk 01:31:12]} {[%emt 00:00:08]} e6 {[%clk 01:31:19]}
{[%emt 00:00:03]} 3. Nf3 {[%clk 01:31:32]} {[%emt 00:00:10]} d5 {[%clk
01:31:41]} {[%emt 00:00:07]} 4. g3 {[%clk 01:31:56]} {[%emt 00:00:06]} Be7
{[%clk 01:32:06]} {[%emt 00:00:08]} 5. Bg2 {[%clk 01:32:20]} {[%emt 00:00:05]}
O-O {[%clk 01:32:29]} {[%emt 00:00:07]} 6. Nc3 {[%clk 01:32:43]} {[%emt
00:00:08]} dxc4 {[%clk 01:32:49]} {[%emt 00:00:10]} 7. Ne5 {[%clk 01:33:07]}
{[%emt 00:00:05]} Nc6 {[%clk 01:33:13]} {[%emt 00:00:06]} 8. Bxc6 {[%clk
01:33:31]} {[%emt 00:00:09]} bxc6 {[%clk 01:33:37]} {[%emt 00:00:03]} 9. Nxc6
{[%clk 01:33:55]} {[%emt 00:00:06]} Qe8 {[%clk 01:34:03]} {[%emt 00:00:04]} 10.
Nxe7+ {[%clk 01:34:17]} {[%emt 00:00:09]} Qxe7 {[%clk 01:34:27]} {[%emt
00:00:09]} 11. Qa4 {[%clk 01:34:38]} {[%emt 00:00:05]} c5 {[%clk 01:34:47]}
{[%emt 00:00:14]} 12. dxc5 {[%clk 01:35:02]} {[%emt 00:00:03]} Qxc5 {[%clk
01:35:12]} {[%emt 00:00:05]} 13. Be3 {[%clk 01:35:18]} {[%emt 00:00:12]} Qc7
{[%clk 01:35:41]} {[%emt 00:00:02]} 14. f3 {[%clk 01:35:16]} {[%emt 00:00:31]}
Bb7 {[%clk 01:36:07]} {[%emt 00:00:06]} 15. Qb5 {[%clk 01:29:40]} {[%emt
00:06:05]} Nd5 {[%clk 01:24:31]} {[%emt 00:12:07]} 16. Qc5 {[%clk 01:27:31]}
{[%emt 00:02:38]} Qxc5 {[%clk 01:22:06]} {[%emt 00:02:56]} 17. Bxc5 {[%clk
01:27:57]} {[%emt 00:00:03]} Rfc8 {[%clk 01:21:04]} {[%emt 00:01:31]} 18. Nxd5
{[%clk 01:24:25]} {[%emt 00:04:03]} Bxd5 {[%clk 01:21:13]} {[%emt 00:00:22]}
19. Bd4 {[%clk 01:24:46]} {[%emt 00:00:07]} e5 {[%clk 01:20:31]} {[%emt
00:01:12]} 20. Bc3 {[%clk 01:23:39]} {[%emt 00:01:40]} f6 {[%clk 01:07:04]}
{[%emt 00:13:55]} 21. O-O-O {[%clk 01:15:43]} {[%emt 00:08:25]} Be6 {[%clk
01:06:46]} {[%emt 00:00:48]} 22. g4 {[%clk 01:12:00]} {[%emt 00:04:12]} Rc6
{[%clk 01:03:28]} {[%emt 00:03:50]} 23. Rdg1 {[%clk 01:08:07]} {[%emt
00:04:27]} Kf7 {[%clk 00:56:53]} {[%emt 00:07:00]} 24. Rg3 {[%clk 01:02:06]}
{[%emt 00:06:32]} Ra6 {[%clk 00:33:22]} {[%emt 00:24:00]} 25. a3 {[%clk
01:00:38]} {[%emt 00:01:57]} Rd6 {[%clk 00:28:10]} {[%emt 00:05:43]} 26. h4
{[%clk 00:51:22]} {[%emt 00:09:44]} Bd7 {[%clk 00:26:05]} {[%emt 00:02:37]} 27.
g5 {[%clk 00:40:45]} {[%emt 00:11:07]} Ba4 {[%clk 00:25:27]} {[%emt 00:01:07]}
28. Bb4 {[%clk 00:34:38]} {[%emt 00:06:37]} Rd7 {[%clk 00:23:15]} {[%emt
00:02:42]} 29. gxf6 {[%clk 00:34:50]} {[%emt 00:00:18]} Kxf6 {[%clk 00:19:12]}
{[%emt 00:04:33]} 30. Bc3 {[%clk 00:32:38]} {[%emt 00:02:42]} Bb3 {[%clk
00:17:16]} {[%emt 00:02:26]} 31. f4 {[%clk 00:30:29]} {[%emt 00:02:39]} Rad8
{[%clk 00:16:52]} {[%emt 00:00:54]} 32. Rgg1 {[%clk 00:30:28]} {[%emt
00:00:30]} g6 {[%clk 00:14:32]} {[%emt 00:02:51]} 33. e3 {[%clk 00:29:30]}
{[%emt 00:01:28]} Ke6 {[%clk 00:13:39]} {[%emt 00:01:24]} 34. Bxe5 {[%clk
00:29:35]} {[%emt 00:00:25]} Rd2 {[%clk 00:12:54]} {[%emt 00:01:14]} 35. Bd4
{[%clk 00:28:59]} {[%emt 00:00:59]} Rc2+ {[%clk 00:12:26]} {[%emt 00:01:06]}
36. Kb1 {[%clk 00:29:15]} {[%emt 00:00:14]} Rd5 {[%clk 00:11:44]} {[%emt
00:01:12]} 37. Rg5 {[%clk 00:17:23]} {[%emt 00:12:22]} a5 {[%clk 00:10:04]}
{[%emt 00:02:11]} 38. Bc3 {[%clk 00:13:02]} {[%emt 00:04:50]} Rh2 {[%clk
00:09:04]} {[%emt 00:01:30]} 39. Re1 {[%clk 00:12:13]} {[%emt 00:01:18]} Rxh4
{[%clk 00:07:37]} {[%emt 00:01:58]} 40. Rxd5 {[%clk 00:08:48]} {[%emt
00:03:55]} Kxd5 {[%clk 00:08:04]} {[%emt 00:00:02]} 41. e4+ {[%clk 00:07:07]}
{[%emt 00:02:10]} Ke6 {[%clk 00:08:12]} {[%emt 00:00:23]} 42. Rf1 {[%clk
00:07:28]} {[%emt 00:00:07]} Rh2 {[%clk 00:03:52]} {[%emt 00:04:51]} 43. f5+
{[%clk 00:04:30]} {[%emt 00:03:27]} gxf5 {[%clk 00:04:01]} {[%emt 00:00:22]}
44. exf5+ {[%clk 00:04:58]} {[%emt 00:00:02]} Kf7 {[%clk 00:04:16]} {[%emt
00:00:14]} 45. f6 {[%clk 00:26:42]} {[%emt 00:08:47]} h5 {[%clk 00:23:54]}
{[%emt 00:10:52]} 46. Bxa5 {[%clk 00:05:36]} {[%emt 00:21:36]} h4 {[%clk
00:23:06]} {[%emt 00:01:17]} 47. a4 {[%clk 00:05:42]} {[%emt 00:00:25]} h3
{[%clk 00:19:17]} {[%emt 00:04:19]} 48. Bc7 {[%clk 00:04:31]} {[%emt 00:01:41]}
Rg2 {[%clk 00:19:08]} {[%emt 00:00:39]} 49. Rh1 {[%clk 00:03:15]} {[%emt
00:01:46]} Bxa4 {[%clk 00:10:59]} {[%emt 00:08:39]} 1/2-1/2

[Event "DEM U18 2023"]
[Site "Willingen GER"]
[Date "2023.06.03"]
[Round "9"]
[White "Hommer, Jeremy"]
[Black "Laux, Dominik"]
[Result "1/2-1/2"]
[Termination "normal"]
[Board "4"]
[BlackTitle "FM"]
[WhiteElo "2313"]
[BlackElo "2297"]
[WhiteClock "00:11:38"]
[BlackClock "00:06:50"]
[PlyCount "102"]
[WhiteFideId "12992577"]
[BlackFideId "12994219"]
[EventCountry "GER"]
[EventRounds "9"]
[EventType "swiss"]
[EventDate "2023.05.27"]

1. e4 {[%clk 01:30:57]} {[%emt 00:00:02]} c5 {[%clk 01:30:36]} {[%emt
00:00:26]} 2. Nf3 {[%clk 01:31:18]} {[%emt 00:00:08]} d6 {[%clk 01:30:46]}
{[%emt 00:00:22]} 3. Bb5+ {[%clk 01:31:38]} {[%emt 00:00:08]} Nd7 {[%clk
01:30:44]} {[%emt 00:00:32]} 4. c4 {[%clk 01:31:57]} {[%emt 00:00:11]} Ngf6
{[%clk 01:30:28]} {[%emt 00:00:46]} 5. Nc3 {[%clk 01:32:08]} {[%emt 00:00:19]}
e6 {[%clk 01:29:55]} {[%emt 00:01:03]} 6. O-O {[%clk 01:32:08]} {[%emt
00:00:30]} a6 {[%clk 01:29:53]} {[%emt 00:00:33]} 7. Ba4 {[%clk 01:32:31]}
{[%emt 00:00:07]} Be7 {[%clk 01:29:33]} {[%emt 00:00:50]} 8. d4 {[%clk
01:31:28]} {[%emt 00:01:32]} cxd4 {[%clk 01:29:58]} {[%emt 00:00:05]} 9. Qxd4
{[%clk 01:31:34]} {[%emt 00:00:24]} O-O {[%clk 01:28:13]} {[%emt 00:02:15]} 10.
Rd1 {[%clk 01:31:15]} {[%emt 00:00:48]} Qc7 {[%clk 01:26:27]} {[%emt 00:02:16]}
11. Bxd7 {[%clk 01:30:27]} {[%emt 00:01:18]} Bxd7 {[%clk 01:12:16]} {[%emt
00:14:42]} 12. Bf4 {[%clk 01:30:36]} {[%emt 00:00:20]} Bc6 {[%clk 01:08:31]}
{[%emt 00:04:16]} 13. Bxd6 {[%clk 01:30:45]} {[%emt 00:00:22]} Bxd6 {[%clk
01:07:55]} {[%emt 00:01:06]} 14. Qxd6 {[%clk 01:31:07]} {[%emt 00:00:07]} Qxd6
{[%clk 01:03:46]} {[%emt 00:04:39]} 15. Rxd6 {[%clk 01:31:30]} {[%emt
00:00:06]} Bxe4 {[%clk 01:03:26]} {[%emt 00:00:52]} 16. Ne5 {[%clk 01:31:53]}
{[%emt 00:00:06]} Rfc8 {[%clk 00:56:44]} {[%emt 00:07:12]} 17. f3 {[%clk
01:25:45]} {[%emt 00:06:38]} Bc6 {[%clk 00:45:56]} {[%emt 00:11:18]} 18. Rad1
{[%clk 01:09:17]} {[%emt 00:16:58]} Kf8 {[%clk 00:43:53]} {[%emt 00:02:34]} 19.
Kf2 {[%clk 00:50:20]} {[%emt 00:19:26]} Ne8 {[%clk 00:34:37]} {[%emt 00:09:46]}
20. R6d2 {[%clk 00:46:10]} {[%emt 00:04:39]} Rc7 {[%clk 00:29:57]} {[%emt
00:05:11]} 21. Ne2 {[%clk 00:41:29]} {[%emt 00:05:10]} Nf6 {[%clk 00:23:52]}
{[%emt 00:06:36]} 22. b4 {[%clk 00:37:03]} {[%emt 00:04:56]} Ba4 {[%clk
00:21:40]} {[%emt 00:02:42]} 23. Rc1 {[%clk 00:35:40]} {[%emt 00:01:53]} Rac8
{[%clk 00:18:43]} {[%emt 00:03:27]} 24. Nc3 {[%clk 00:32:34]} {[%emt 00:03:36]}
Be8 {[%clk 00:17:51]} {[%emt 00:01:22]} 25. Rcd1 {[%clk 00:25:58]} {[%emt
00:07:06]} Ke7 {[%clk 00:16:07]} {[%emt 00:02:15]} 26. a3 {[%clk 00:19:21]}
{[%emt 00:07:07]} b6 {[%clk 00:07:36]} {[%emt 00:09:01]} 27. Rd6 {[%clk
00:16:19]} {[%emt 00:03:31]} Rb7 {[%clk 00:04:12]} {[%emt 00:03:53]} 28. f4
{[%clk 00:13:51]} {[%emt 00:02:59]} Nd7 {[%clk 00:02:35]} {[%emt 00:02:07]} 29.
Nc6+ {[%clk 00:11:08]} {[%emt 00:03:13]} Kf8 {[%clk 00:03:03]} {[%emt
00:00:01]} 30. b5 {[%clk 00:09:51]} {[%emt 00:01:47]} Nc5 {[%clk 00:02:42]}
{[%emt 00:00:51]} 31. Rd8 {[%clk 00:05:47]} {[%emt 00:04:34]} Rbc7 {[%clk
00:02:00]} {[%emt 00:01:13]} 32. Ke3 {[%clk 00:04:29]} {[%emt 00:01:47]} Nb7
{[%clk 00:00:47]} {[%emt 00:01:44]} 33. Rxc8 Rxc8 {[%clk 00:01:15]} 34. Na4
{[%clk 00:00:37]} {[%emt 00:03:16]} Bxc6 {[%clk 00:00:41]} {[%emt 00:01:04]}
35. Nxb6 {[%clk 00:01:05]} {[%emt 00:00:01]} Rc7 {[%clk 00:00:47]} {[%emt
00:00:24]} 36. bxc6 {[%clk 00:00:53]} {[%emt 00:00:42]} Rxc6 {[%clk 00:01:15]}
{[%emt 00:00:02]} 37. Nd7+ {[%clk 00:00:56]} {[%emt 00:00:27]} Ke7 {[%clk
00:00:46]} {[%emt 00:00:58]} 38. Ne5 {[%clk 00:00:48]} {[%emt 00:00:38]} Rc7
{[%clk 00:01:13]} {[%emt 00:00:04]} 39. Rb1 {[%clk 00:00:56]} {[%emt 00:00:22]}
Nd6 {[%clk 00:00:42]} {[%emt 00:01:01]} 40. Rb6 {[%clk 00:00:41]} {[%emt
00:00:45]} Nxc4+ {[%clk 00:00:49]} {[%emt 00:00:23]} 41. Nxc4 {[%clk 00:00:57]}
{[%emt 00:00:14]} Rxc4 {[%clk 00:01:17]} {[%emt 00:00:01]} 42. Rxa6 {[%clk
00:00:32]} {[%emt 00:00:56]} h6 {[%clk 00:27:29]} {[%emt 00:04:17]} 43. Ra5
{[%clk 00:24:45]} {[%emt 00:06:17]} f5 {[%clk 00:22:23]} {[%emt 00:05:36]} 44.
h4 {[%clk 00:23:52]} {[%emt 00:01:24]} g5 {[%clk 00:17:02]} {[%emt 00:05:51]}
45. hxg5 {[%clk 00:24:15]} {[%emt 00:00:06]} hxg5 {[%clk 00:17:28]} {[%emt
00:00:05]} 46. fxg5 {[%clk 00:20:56]} {[%emt 00:03:49]} Kf7 {[%clk 00:17:18]}
{[%emt 00:00:39]} 47. Kf3 {[%clk 00:15:48]} {[%emt 00:05:38]} Kg6 {[%clk
00:08:11]} {[%emt 00:09:37]} 48. Re5 {[%clk 00:10:43]} {[%emt 00:05:35]} Rc6
{[%clk 00:08:04]} {[%emt 00:00:38]} 49. Kf4 {[%clk 00:10:58]} {[%emt 00:00:14]}
Rc4+ {[%clk 00:08:27]} {[%emt 00:00:06]} 50. Kf3 {[%clk 00:11:14]} {[%emt
00:00:16]} Rc6 {[%clk 00:08:42]} {[%emt 00:00:14]} 51. Kf4 {[%clk 00:11:38]}
{[%emt 00:00:07]} Rc4+ {[%clk 00:06:50]} {[%emt 00:02:22]} 1/2-1/2

[Event "DEM U18 2023"]
[Site "Willingen GER"]
[Date "2023.06.03"]
[Round "9"]
[White "Bui, Bao Anh Le"]
[Black "Nied, Pascal"]
[Result "0-1"]
[Termination "normal"]
[Board "5"]
[WhiteElo "2136"]
[BlackElo "2189"]
[WhiteClock "00:02:08"]
[BlackClock "00:09:58"]
[PlyCount "56"]
[WhiteFideId "12970719"]
[BlackFideId "16260597"]
[EventCountry "GER"]
[EventRounds "9"]
[EventType "swiss"]
[EventDate "2023.05.27"]

1. e4 {[%clk 01:29:58]} {[%emt 00:00:59]} e5 {[%clk 01:30:54]} {[%emt
00:00:08]} 2. Nf3 {[%clk 01:29:40]} {[%emt 00:00:48]} Nc6 {[%clk 01:31:16]}
{[%emt 00:00:08]} 3. Bc4 {[%clk 01:29:21]} {[%emt 00:00:54]} Nf6 {[%clk
01:31:37]} {[%emt 00:00:04]} 4. d3 {[%clk 01:29:21]} {[%emt 00:00:33]} Bc5
{[%clk 01:32:00]} {[%emt 00:00:07]} 5. c3 {[%clk 01:28:28]} {[%emt 00:01:21]}
O-O {[%clk 01:32:21]} {[%emt 00:00:08]} 6. Nbd2 {[%clk 01:26:51]} {[%emt
00:02:07]} d5 {[%clk 01:32:44]} {[%emt 00:00:09]} 7. exd5 {[%clk 01:24:57]}
{[%emt 00:02:22]} Nxd5 {[%clk 01:33:09]} {[%emt 00:00:06]} 8. Ne4 {[%clk
01:21:44]} {[%emt 00:03:43]} Be7 {[%clk 01:33:32]} {[%emt 00:00:06]} 9. O-O
{[%clk 01:06:09]} {[%emt 00:16:04]} Nb6 {[%clk 01:33:22]} {[%emt 00:00:40]} 10.
Bb3 {[%clk 01:02:08]} {[%emt 00:04:32]} Bf5 {[%clk 01:33:47]} {[%emt 00:00:06]}
11. a4 {[%clk 01:00:57]} {[%emt 00:01:41]} a5 {[%clk 01:34:11]} {[%emt
00:00:06]} 12. Qe2 {[%clk 00:58:30]} {[%emt 00:02:57]} Bg6 {[%clk 01:33:30]}
{[%emt 00:01:09]} 13. Rd1 {[%clk 00:52:36]} {[%emt 00:06:24]} Qd7 {[%clk
01:11:16]} {[%emt 00:22:43]} 14. d4 {[%clk 00:32:53]} {[%emt 00:20:14]} exd4
{[%clk 00:47:49]} {[%emt 00:23:57]} 15. Nxd4 {[%clk 00:31:54]} {[%emt
00:01:29]} Nxd4 {[%clk 00:39:17]} {[%emt 00:09:02]} 16. Rxd4 {[%clk 00:31:22]}
{[%emt 00:01:02]} Qc6 {[%clk 00:39:17]} {[%emt 00:00:29]} 17. Bf4 {[%clk
00:21:04]} {[%emt 00:10:48]} Rad8 {[%clk 00:32:29]} {[%emt 00:07:18]} 18. Rad1
{[%clk 00:18:41]} {[%emt 00:02:54]} Rxd4 {[%clk 00:31:29]} {[%emt 00:01:29]}
19. Rxd4 {[%clk 00:16:52]} {[%emt 00:02:19]} Re8 {[%clk 00:31:28]} {[%emt
00:00:31]} 20. Be5 {[%clk 00:09:58]} {[%emt 00:07:24]} Kh8 {[%clk 00:24:13]}
{[%emt 00:07:44]} 21. Qb5 {[%clk 00:08:46]} {[%emt 00:01:41]} Qxb5 {[%clk
00:17:33]} {[%emt 00:07:11]} 22. axb5 {[%clk 00:09:09]} {[%emt 00:00:07]} f6
{[%clk 00:17:01]} {[%emt 00:01:02]} 23. Bxc7 {[%clk 00:04:39]} {[%emt
00:05:01]} Bc5 {[%clk 00:17:20]} {[%emt 00:00:11]} 24. f3 {[%clk 00:04:15]}
{[%emt 00:00:54]} Bxe4 {[%clk 00:15:01]} {[%emt 00:02:48]} 25. fxe4 {[%clk
00:04:38]} {[%emt 00:00:06]} a4 {[%clk 00:12:51]} {[%emt 00:02:41]} 26. Bc2
{[%clk 00:02:01]} {[%emt 00:03:07]} a3 {[%clk 00:09:14]} {[%emt 00:04:07]} 27.
bxa3 {[%clk 00:02:09]} {[%emt 00:00:23]} Rc8 {[%clk 00:09:34]} {[%emt
00:00:09]} 28. Bxb6 {[%clk 00:02:08]} {[%emt 00:00:32]} Bxb6 {[%clk 00:09:58]}
{[%emt 00:00:06]} 0-1